000 00969nam a22003137a 4500
001 BR2017002326
003 BR-BrBNA
005 20230928105135.0
007 ta
008 230509b bl.||||| |||| 00| 0 por d
040 _aBR-BrBNA
_bpor
_cBiblioteca Nacional de Agricultura
041 _a(Por)
072 _aP07
_b8905
090 _ 8905 BR2017002326
100 1 _aCastilho, L.R.
110 1 _aUniversidade Federal de Lavras, MG (Brasil)
_0Tese (Mestrado)
245 1 _aFuligem do bagaço de cana-de-açúcar: ativação da fração carbonácea por meio de processo inovador e teste de adsorção
260 3 _aLavras, MG (Brasil):
_c2016.
300 _a69 p.
500 _aSummaries (Eng, Por); Bibliography p. 63-69; 22 illus.; 7 tables
650 _aCARVÃO
650 _aPROCESSAMENTO
650 _aRESÍDUO
650 _aBAGAÇO
650 _aCANA DE AÇÚCAR
650 _aADSORÇÃO
909 _a202309
_bLucia
_c55
_dLucia Elande
942 _cBK
999 _c83644
_d83644